Juego de selección. Versión KPOP - Estadísticas

Estadísticas generales
  • Esta prueba ha sido intentada 342 veces
  • La puntuación promedio es 38 de 45
Estadísticas de respuestas
Pregunta Azulejo Select % Correcto
Selecciona todos los miembros de BLACKPINK Jennie
100%
Selecciona todos los miembros de BLACKPINK Jisoo
100%
Selecciona todos los miembros de BLACKPINK Karina No
100%
Selecciona todos los miembros de BLACKPINK Lisa
100%
Selecciona todos los miembros de BLACKPINK Rosé
100%
Selecciona todos los miembros de BLACKPINK Seulgi No
100%
Selecciona todos los miembros de BLACKPINK Tzuyu No
100%
Selecciona todos los miembros de BLACKPINK Wonyoung No
100%
Selecciona todos los miembros de BLACKPINK Lia No
99%
Selecciona las canciones que pertenecen a Stray Kids Butter No
97%
Selecciona las grupos que están formados por siete miembros BTS
95%
Selecciona las canciones que pertenecen a Stray Kids Good Boy Gone Bad No
95%
Selecciona las canciones que pertenecen a Stray Kids S-Class
95%
Selecciona las canciones que pertenecen a Stray Kids Tempo No
95%
Selecciona las grupos que están formados por siete miembros aespa No
94%
Selecciona las canciones que pertenecen a Stray Kids Left & Right No
94%
Selecciona a los idols que son los raperos de su grupo. Suga
94%
Selecciona los grupos que NO tienen líder BTS No
93%
Selecciona a los idols que son los raperos de su grupo. Eunwoo No
92%
Selecciona las canciones que pertenecen a Stray Kids CASE 143
91%
Selecciona a los idols que son los raperos de su grupo. Wendy No
91%
Selecciona a los idols que son los raperos de su grupo. Chen No
90%
Selecciona las grupos que están formados por siete miembros Le Sserafim No
90%
Selecciona los grupos que NO tienen líder EXO No
89%
Selecciona las canciones que pertenecen a Stray Kids Back Door
88%
Selecciona a los idols que son los raperos de su grupo. Jihyo No
87%
Selecciona a los idols que son los raperos de su grupo. Jennie
86%
Selecciona las grupos que están formados por siete miembros Shinee No
86%
Selecciona las grupos que están formados por siete miembros Super Junior No
86%
Selecciona los grupos que NO tienen líder Monsta X No
84%
Selecciona los grupos que NO tienen líder Red Velvet No
84%
Selecciona a los idols que son los raperos de su grupo. Isa No
83%
Selecciona las grupos que están formados por siete miembros GOT7
82%
Selecciona los grupos que NO tienen líder ITZY No
81%
Selecciona los grupos que NO tienen líder BLACKPINK
80%
Selecciona las grupos que están formados por siete miembros ENHYPEN
78%
Selecciona a los idols que son los raperos de su grupo. Soyeon
77%
Selecciona los grupos que NO tienen líder Nmixx No
76%
Selecciona a los idols que son los raperos de su grupo. Moonbyul
70%
Selecciona las canciones que pertenecen a Stray Kids Side Effects
69%
Selecciona los grupos que NO tienen líder KARD
60%
Selecciona los grupos que NO tienen líder New Jeans
47%
Selecciona las canciones que pertenecen a Stray Kids Any
42%
Selecciona las grupos que están formados por siete miembros Dreamcatcher
41%
Selecciona las grupos que están formados por siete miembros Oh My Girl
24%
No se encontraron pruebas coincidentes
Distribución de puntuación
Porcentaje de gente con cada puntuación
Porcentaje por número respondido
Historial de tus puntuaciones
No has intentado esta prueba.